Précis de droit constitutionnel (Registro nro. 312611)

Detalles MARC
000 -ENCABEZADO
Número de control [NR] 00575 a2200169 4500
005 - FECHA Y HORA DE LA ÚLTIMA TRANSACCIÓN
control field 20190823122352.0
008 - DE LONGITUD FIJA DE DATOS DE ELEMENTOS - INFORMACIÓN GENERAL
Elementos de longitud fija [NR] 190530b1982 -cn||||| |||| 00| 0 fre d
020 ## - NUMERO INTERNACIONAL NORMALIZADO PARA LIBROS [R]
Número Internacional Normalizado del libro [NR] 2920376241
040 ## - FUENTE DE CATALOGACION [NR]
Agencia de catalogación original [NR] CO-BoUCM
Idioma de catalogación [NR] spa
Quien Cataloga Juan Jose Mateus
Quien Clasifica Juan Jose Mateus
041 0# - CODIGO DE IDIOMA [R]
Código de idioma para texto/pista de sonido o título separado [R] Francés
100 10 - ASIENTO PRINCIPAL--NOMBRE PERSONAL [NR]
Nombre personal [NR] Tremblay, André
ID Autoridad 96675
245 10 - MENCION DE TITULO [NR]
Título [NR] Précis de droit constitutionnel
Mención de responsabilidad, etc. [NR] André Tremblay
260 ## - PUBLICACION, DISTRIBUCION, ETC. (PIE DE IMPRENTA) [R]
Nombre del editor, distribuidor, etc. [R] Les editions Themis
Fecha de publicación, distribución, etc. [R] 1982
Lugar de publicación, distribución, etc. [R] Montréal, Canadá
650 #7 - ASIENTO SECUNDARIO DE MATERIA - TERMINO TEMATICO [R]
9 (RLIN) 12725
Término temático o nombre geográfico como elemento de entrada [NR] Derecho constitucional
Subdivisión geográfica [R] Francia
942 ## - ELEMENTOS DE ENTRADA AGREGADOS (KOHA)
Tipo de ítem principal el descrito en 300a Libro
Sistema de clasificación DEWEY
Tema principal Derecho
Edición 1
Clasificación 342.44
Parte restante de la signatura top. T789p
Existencias
Signatura topográfica Código de barras Última vez visto Ejemplar Costo de reposición Price effective from Tipo de ítem Perdido Sistema de clasificación Dañado No prestable Tipo de ítem específico Suprimido Ubicación habitual Ubicación actual Localización Fecha de creación Proveedor Forma de adquisición Costo
342.44 T789p 100160621 06/12/2024 Ej.1 26000.00 22/05/2019 Libro   DEWEY     Libro   BodegaJK Claustro Préstamo 2 días después de solicitado 22/05/2019 12 Donación 0.00